zpět

Detail výsledku týmu

R.A.M., Jablonec nad Nisou

Datum a čas kvízu

28 Celkem bodů Celkový počet nahraných bodů na tomto kvízu bez doplňovacích otázek.
14. Pořadí na kvízu Konečné umístění týmu na tomto kvízu.

Zaznamenané odpovědi

# Otázka Odpověď Body Výsledky
1. Pouhé modlení už nestačí. Býva... Koláček 0
2. Nedostačují Vám čísla a písmen... smajlíky (emotikony) 1
3. Jak se nazývá snímek, který v... Zelená kniha 1
4. V úterý byla v České republice... Apple Pay 1
5. Kouč Crystal Palace se stal mi... Roy Hodgson 0
6. Cestovatel Miroslav Zikmund os... Tatra 87 0
7. Dne 31. července 1947, což byl... Tobruk 1
8. Dne 28. ledna 1948 vztyčili ce... C 1
9. V prvním červencovém týdnu se... Buenos Aires 1
10. Kdo by se chtěl o výpravách ob... ve Zlíně 0